[Event "IND-ch Challengers 54th"]
[Site "Noida"]
[Date "2016.07.09"]
[Round "1"]
[White "Gusain, Himal"]
[Black "Roop, Saurav"]
[Result "1-0"]
[WhiteElo "2453"]
[BlackElo "1830"]
[PlyCount "33"]
[EventDate "2016.07.09"]
[EventType "swiss"]
[EventRounds "13"]
[EventCountry "IND"]
[SourceTitle "CBM 173 Extra"]
[Source "ChessBase"]
[SourceDate "2016.08.29"]
[SourceVersion "1"]
[SourceVersionDate "2016.08.29"]
[SourceQuality "1"]

1. e4 e5 2. Nf3 Nc6 3. Bb5 a6 4. Ba4 Nf6 5. d3 b5 6. Bb3 Be7 7. 0-0 0-0 8. Nc3 d6 9. a3 Bg4 10. Be3 Qd7 11. h3 Bh5 12. Nd5 Nxd5 13. Bxd5 Bxf3 14. Qxf3 Bf6 15. Ba2 Qe7 16. Qg4 Rfe8 17. Bd5 1-0

[Event "Nagpur op"]
[Site "Nagpur"]
[Date "2012.10.16"]
[Round "1"]
[White "Roop, Saurav"]
[Black "Neelotpal, Das"]
[Result "0-1"]
[WhiteElo "2001"]
[BlackElo "2485"]
[PlyCount "76"]
[EventDate "2012.10.16"]
[EventType "swiss"]
[EventRounds "11"]
[EventCountry "IND"]
[SourceTitle "EXT 2013"]
[Source "ChessBase"]
[SourceDate "2012.11.22"]
[SourceVersion "1"]
[SourceVersionDate "2012.11.22"]
[SourceQuality "1"]

1. e4 c5 2. c3 b6 3. d4 Bb7 4. d5 Nf6 5. Qc2 g6 6. Nf3 Bg7 7. c4 0-0 8. Nc3 d6 9. Be2 e6 10. 0-0 exd5 11. exd5 a6 12. Bg5 h6 13. Bh4 Qc7 14. Rad1 Nbd7 15. Rfe1 Rfe8 16. h3 Nh5 17. Bf1 Nf8 18. g4 Nf6 19. Bg3 Rxe1 20. Rxe1 b5 21. cxb5 axb5 22. Nxb5 Qa5 23. Bxd6 Bxd5 24. Nd2 Ne6 25. a3 h5 26. gxh5 Nxh5 27. b4 cxb4 28. Bxb4 Qd8 29. Ne4 Ng5 30. Bg2 Nf4 31. Nbd6 Nxg2 32. Kxg2 Nxe4 33. Nxe4 f5 34. f3 fxe4 35. fxe4 Bb7 36. Qb3+ Kh7 37. Bc3 Qg5+ 38. Kh1 Qg3 0-1

[Event "Mumbai Mayors Cup 3rd"]
[Site "Mumbai"]
[Date "2010.06.06"]
[Round "7"]
[White "Ashwin, Jayaram"]
[Black "Roop, Saurav"]
[Result "1-0"]
[WhiteElo "2457"]
[BlackElo "2043"]
[PlyCount "99"]
[EventDate "2010.06.02"]
[EventType "swiss"]
[EventRounds "11"]
[EventCountry "IND"]
[SourceTitle "CBM 136 Extra"]
[Source "ChessBase"]
[SourceDate "2010.07.02"]
[SourceVersion "2"]
[SourceVersionDate "2010.07.15"]
[SourceQuality "1"]

1. e4 d6 2. d4 Nf6 3. Nc3 g6 4. f4 c6 5. Nf3 Bg7 6. Bd3 0-0 7. h3 Nbd7 8. Be3 Qb6 9. Qc1 Re8 10. 0-0 Qa5 11. e5 Nd5 12. Nxd5 cxd5 13. a4 Nb8 14. Bd2 Qc7 15. Qe1 Nc6 16. Qh4 e6 17. Ng5 h6 18. Nf3 Qd8 19. Qg3 Ne7 20. Bb4 dxe5 21. fxe5 Nf5 22. Qf2 a5 23. Bd2 Rf8 24. c3 b6 25. g4 Ne7 26. Qh4 Kh7 27. Ng5+ Kg8 28. Nf3 Kh7 29. Bg5 Ra7 30. Bf6 Bxf6 31. exf6 Ng8 32. Ne5 Ba6 33. Bb5 Qd6 34. g5 Bxb5 35. axb5 h5 36. Qf4 Qc7 37. Nc6 Qxf4 38. Rxf4 Rc7 39. h4 Rfc8 40. Kf2 Kh8 41. Rf3 Kh7 42. Ke3 Kh8 43. Ra4 Kh7 44. Rf1 Kh8 45. Rfa1 Kh7 46. b4 axb4 47. Rxb4 Nh6 48. gxh6 Kxh6 49. Rb2 Rh8 50. Kf4 1-0

[Event "IND-chT"]
[Site "Gurgaon"]
[Date "2010.02.25"]
[Round "6"]
[White "Santu, Mondal"]
[Black "Roop, Saurav"]
[Result "1-0"]
[WhiteElo "2195"]
[BlackElo "2011"]
[PlyCount "85"]
[EventDate "2010.02.21"]
[EventType "team"]
[EventRounds "9"]
[EventCountry "IND"]
[SourceTitle "CBM 135 Extra"]
[Source "ChessBase"]
[SourceDate "2010.05.04"]
[SourceVersion "1"]
[SourceVersionDate "2010.05.04"]
[SourceQuality "1"]

1. d4 d5 2. Nf3 Nf6 3. c4 c6 4. g3 e6 5. Qc2 b6 6. Bg2 Bb4+ 7. Nbd2 a5 8. 0-0 Ba6 9. Rd1 0-0 10. b3 Nbd7 11. e4 Rc8 12. Bb2 Bb7 13. a3 Be7 14. Ne5 Qc7 15. Rac1 Qb8 16. Qb1 Rfd8 17. Re1 Nxe5 18. dxe5 Ng4 19. cxd5 cxd5 20. Rxc8 Qxc8 21. h3 Nh6 22. Rc1 Qb8 23. Qc2 Bg5 24. exd5 Bxd5 25. Bxd5 Rxd5 26. Qc8+ Qxc8 27. Rxc8+ Rd8 28. Rxd8+ Bxd8 29. Kf1 Nf5 30. Ke2 Kf8 31. Kd3 Ke8 32. Kc4 Kd7 33. Kb5 h6 34. Nc4 Ne7 35. Nxb6+ Kc7 36. Nc4 Nc6 37. Nxa5 Na7+ 38. Ka4 Kd7 39. Nc4 Kc6 40. b4 Bc7 41. Kb3 Kd5 42. a4 Nc6 43. b5 1-0

[Event "IND-chT"]
[Site "Gurgaon"]
[Date "2010.02.22"]
[Round "3"]
[White "Mirashi, Shantanu"]
[Black "Roop, Saurav"]
[Result "1/2-1/2"]
[WhiteElo "1726"]
[BlackElo "2011"]
[PlyCount "83"]
[EventDate "2010.02.21"]
[EventType "team"]
[EventRounds "9"]
[EventCountry "IND"]
[SourceTitle "CBM 135 Extra"]
[Source "ChessBase"]
[SourceDate "2010.05.04"]
[SourceVersion "1"]
[SourceVersionDate "2010.05.04"]
[SourceQuality "1"]

1. e4 e5 2. Nf3 Nc6 3. Bb5 a6 4. Ba4 Nf6 5. 0-0 Nxe4 6. d4 b5 7. Bb3 d5 8. dxe5 Be6 9. c3 Be7 10. Nbd2 Nc5 11. Bc2 d4 12. cxd4 Nxd4 13. Nxd4 Qxd4 14. Nf3 Qd7 15. Nd4 Bc4 16. Re1 Rd8 17. Nf5 Qxd1 18. Rxd1 Ne6 19. Rxd8+ Bxd8 20. Ne3 Nd4 21. Be4 Be6 22. Bd2 f5 23. Bb7 0-0 24. Bb4 Rf7 25. Rd1 c5 26. Bxa6 Bb6 27. Bc3 Ra7 28. Bxd4 Rxa6 29. Bc3 b4 30. Be1 Bc7 31. Rc1 f4 32. Nd1 Bb6 33. h4 h6 34. Ra1 Bxa2 35. Bd2 g5 36. hxg5 hxg5 37. g3 fxg3 38. Bxg5 Bc7 39. Be7 gxf2+ 40. Kxf2 Bxe5 41. Bxc5 Rf6+ 42. Ke3 1/2-1/2

[Event "Mumbai Mayors Cup 1st"]
[Site "Mumbai"]
[Date "2008.05.18"]
[Round "10"]
[White "Tiwary, Vikash K"]
[Black "Roop, Saurav"]
[Result "0-1"]
[WhiteElo "1706"]
[BlackElo "2022"]
[PlyCount "80"]
[EventDate "2008.05.11"]
[EventType "swiss"]
[EventRounds "11"]
[EventCountry "IND"]
[SourceTitle "CBM 124 Extra"]
[Source "ChessBase"]
[SourceDate "2008.07.03"]
[SourceVersion "1"]
[SourceVersionDate "2008.07.03"]
[SourceQuality "1"]

1. e3 e5 2. d4 e4 3. c4 Nf6 4. Nc3 c6 5. d5 Bb4 6. Nge2 b5 7. a3 Bxc3+ 8. Nxc3 cxd5 9. Nxd5 0-0 10. Nxf6+ Qxf6 11. cxb5 Bb7 12. Qd4 Qg6 13. Bd2 a6 14. bxa6 Nxa6 15. Rc1 d5 16. g3 Rfc8 17. Rxc8+ Rxc8 18. Bh3 Rc4 19. Qe5 f6 20. Be6+ Kh8 21. Qd6 Qe8 22. Bxd5 Bxd5 23. Qxd5 Rc2 24. b4 Nc7 25. Qb3 Qc6 26. Kd1 Rc4 27. a4 Nd5 28. b5 Qc8 29. h3 Nc3+ 30. Bxc3 Rxc3 31. Qb1 Qc4 32. a5 Rb3 33. Qc2 Rd3+ 34. Kc1 Rc3 35. Qxc3 Qxc3+ 36. Kb1 Qb3+ 37. Kc1 Qc3+ 38. Kb1 Qxa5 39. Rc1 Qxb5+ 40. Ka2 Kg8 0-1